00491nam a2200157 a 450000500170000000800410001702000180005805000170007610000160009324500340010926000360014330000140017965000150019399900190020895201060022720140414131910.0040111s19uu xx 00 eng d a0-7214-1189-4 aERbB48 1990 aMurdock, Hy aBig and little /cHy Murdock. aU.S.A :bLadybird Books,c1990. ap. ; cm. aOpposites. c111153d111153 001040aMUbMUcERd2004-01-11eDonationl0oER B48 1990pM1739r2014-04-14 00:00:00w2014-04-14yBK